Производственная практика “Промышленная теплоэнергетика”: электронный курс

Chi tiết về thư mục
Tác giả chính: Максимов В. И. Вячеслав Иванович
Tác giả của công ty: Национальный исследовательский Томский политехнический университет Инженерная школа энергетики Научно-образовательный центр И. Н. Бутакова (НОЦ И. Н. Бутакова)
Tóm tắt:Заглавие с экрана
Производственная практика “Промышленная теплоэнергетика” базируется на дисциплинах ООП, соответствующих профессиональному циклу
Доступ по логину и паролю
Ngôn ngữ:Tiếng Nga
Được phát hành: TPU Moodle, 2015
Những chủ đề:
Truy cập trực tuyến:http://design.lms.tpu.ru/course/view.php?id=2753
Định dạng: MixedMaterials Điện tử Sách
KOHA link:https://koha.lib.tpu.ru/cgi-bin/koha/opac-detail.pl?biblionumber=660350

MARC

LEADER 00000nlm0a2200000 4500
001 660350
005 20231218120657.0
035 |a (RuTPU)RU\TPU\network\29658 
035 |a RU\TPU\network\29654 
090 |a 660350 
100 |a 20190617d2015 m y0rusy50 ca 
101 0 |a rus 
102 |a RU 
105 |a a j 000zy 
135 |a jrcn ---uucaa 
181 0 |a i  
182 0 |a b 
200 1 |a Производственная практика “Промышленная теплоэнергетика”  |e электронный курс  |f В. И. Максимов  |g Национальный исследовательский Томский политехнический университет, Инженерная школа энергетики, Научно-образовательный центр И. Н. Бутакова (НОЦ И. Н. Бутакова) 
203 |a Текст  |c электронный 
210 |c TPU Moodle  |d 2015 
300 |a Заглавие с экрана 
330 |a Производственная практика “Промышленная теплоэнергетика” базируется на дисциплинах ООП, соответствующих профессиональному циклу 
333 |a Доступ по логину и паролю 
606 1 |a Теплоэнергетика промышленная  |2 stltpush  |3 (RuTPU)RU\TPU\subj\59824  |9 77321 
610 1 |a электронный ресурс 
610 1 |a труды учёных ТПУ 
610 1 |a электронное обучение 
610 1 |a электронные курсы ТПУ 
610 1 |a электронные учебные пособия 
610 1 |a учебные пособия 
610 1 |a производственная практика 
610 1 |a промышленная теплоэнергетика 
610 1 |a системы отопления 
610 1 |a системы вентиляции 
610 1 |a системы кондиционирования 
610 1 |a возобновляемые источники энергии 
610 1 |a нетрадиционные источники энергии 
675 |a 621.1(076.5)  |v 4 
700 1 |a Максимов  |b В. И.  |c специалист в области теплотехники  |c доцент Томского политехнического университета, кандидат технических наук  |f 1977-  |g Вячеслав Иванович  |3 (RuTPU)RU\TPU\pers\25530  |9 11460 
712 0 2 |a Национальный исследовательский Томский политехнический университет  |b Инженерная школа энергетики  |b Научно-образовательный центр И. Н. Бутакова (НОЦ И. Н. Бутакова)  |3 (RuTPU)RU\TPU\col\23504 
801 2 |a RU  |b 63413507  |c 20191212  |g RCR 
856 4 |u http://design.lms.tpu.ru/course/view.php?id=2753 
942 |c CF